04669cam a22004693i 4500001000700000003000400007005001700011007001500028008004100043035002100084035002900105035001100134040003100145082001800176100002100194245005000215264004800265300003900313336002600352337002600378338003600404490004000440500007000480504007300550505266800623506007803291533015003369546002903519588010703548650003803655650004703693650003303740655002503773700004203798700003403840700003303874700004503907700003503952776004303987830004104030856012804071972009OSt20181219160323.0cr |n||||||||a140915s2000 cou eobd 001 0 eng d a(OCoLC)891670720 a(VaAlASP)ASP2290371/tcr1 a972009 aVaAlASPbengerdacVaAlASP a220.66bS296C aSchaeffer, Edith00aChristianity in Jewish /cBy Edith Schaeffer. 1aBoulder, CO :bPerseus Books Group,cc1975. a1 online resource (xx, 438 pages). atextbtxt2rdacontent acomputerbc2rdamedia aonline resourcebcr2rdacarrier1 aTwentieth century religious thought aTitle from resource description page (viewed September 15, 2014). aIncludes bibliographical references (page 409), glossary, and index.0 aWhat to seek and what to avoid in Jewish-Christian dialogue / David Novak -- Christian-Jewish interactions over the ages / Robert Chazen -- Judaism, Christianity, and partnership after the twentieth century / Irving Greenberg -- Christian theology after the Shoah / Christopher M. Leighton -- The God of Jews and Christians / Peter Ochs -- A Jewish view of the Christian God : some cautionary and hopeful remarks / David Ellenson -- God as Trinitarian : a Christian response to Peter Ochs / David Tracy -- Searching the Scriptures : Jews, Christians, and the book / Michael A. Signer -- The writings and reception of Philo of Alexandria / Hindy Najman -- Postmodern hermeneutics and Jewish-Christian dialogue : a case study / George Lindbeck -- Mitsvah / David Novak -- Another Jewish view of ethics, Christian and Jewish / Elliot N. Dorff -- Christian ethics in Jewish terms : a response to David Novak / Stanley Hauerwas -- Judaism and Christianity : covenants of redemption / Irving Greenberg -- Israel, Judaism, and Christianity / David Fox Sandmel -- Israel and the church : a Christian response to Irving Greenberg's covenantal pluralism / R. Kendall Soulen -- Jewish and Christian liturgy / Lawrence A. Hoffman -- Liturgy and sensory experience / Ruth Langer -- Christian worship : an affair of things as well as words / Robert Louis Wilken -- On the suffering of God's chosen : Christian views in Jewish terms / Leora Batnitzky -- Suspicions of suffering / Robert Gibbs -- The meaning and value of suffering : a Christian response to Leora Batnitzky / John C. Cavadini -- Judaism and incarnation : the imaginal body of God / Elliot R. Wolfson -- The Christian doctrine of the incarnation / Randi Rashkover -- Embodiment and incarnation : a response to Elliot Wolfson / Susan A. Ross -- How ought a Jew view Christian beliefs about redemption? / Menachem Kellner -- Redemption : what I have learned from Christians / Nancy Fuchs-Kreimer -- A Christian view of redemption / Clark Williamson -- "Turn us to you and we shall return" : original sin, atonement, and redemption in Jewish terms / Steven Kepnes -- Exile and return in a world of injustice : a response to Steven Kepnes / Laurie Zoloth -- The lamb of God and the sin of the world / Miroslav Volf -- The image : religious anthropology in Judaism and Christianity / Tikva Frymer-Kensky -- Tselem : toward an anthropopathic theology of image / David R. Blumenthal -- The image of God in Christian faith : vocation, dignity, and redemption / William Schweiker -- What of the future? : A Christian response / George Lindbeck -- What of the future? : A Jewish response / Tikva Frymer-Kensky ... [et al.]. aOff-campus access restricted to current PTS students, faculty, and staff. aElectronic reproduction.bAlexandria, VA :cAlexander Street Press,d2014.f(Twentieth century religious thought).nAvailable via World Wide Web. aThis edition in English. aThis record acquired through Alexander Street Press Twentieth Century Thought Christianity Collection. 0aJudaismxRelationsxChristianity. 0aChristianity and other religionsxJudaism. 0aJudaism (Christian theology) 7aDictionaries.2lcgft1 aFrymer-Kensky, Tikva Simone,eeditor.1 aNovak, David,d1941-eeditor.1 aOchs, Peter,d1950-eeditor.1 aSandmel, David D.q(David Fox),eeditor.1 aSigner, Michael Alan,eeditor.0 cOriginal publisher ISBNz9780813365725 0aTwentieth century religious thought.40yFull text available onlineuhttp://yeshebi.ptsem.edu:2048/login?url=http://www.aspresolver.com/aspresolver.asp?TCR1;2290371